| 000 | 01092cam a22003377a 4500 | ||
|---|---|---|---|
| 003 | CHAP | ||
| 005 | 20220817044345.0 | ||
| 008 | 100618s1983 mx a r 00010 spa d | ||
| 010 | _a98755 | ||
| 011 | _a99727 | ||
| 035 | _a110413 | ||
| 040 | _cCHAP | ||
| 090 | _aFolleto 17697 | ||
| 100 | 1 |
_aAguirre, Renato _93068 |
|
| 245 | 1 | 4 |
_aPalo de balsamo _c/por Renato Aguirre |
| 260 |
_aXalapa, Ver. : _bINIREB, _c1983 |
||
| 300 | _a4 p. | ||
| 490 | 0 |
_aINIREB Informa. Comunicado _v; 19 |
|
| 590 |
_aBATCH-UPD _b10 _c20130110 _lUCH01 _h0949 |
||
| 590 |
_aBATCH-UPD _b10 _c20130410 _lUCH01 _h0603 |
||
| 590 |
_aBATCH-UPD _b10 _c20130914 _lUCH01 _h0100 |
||
| 590 |
_aCONVERSION _b10 _c20130109 _lUCH01 _h1355 |
||
| 650 | 1 | 4 |
_aMyroxylon balsamum. _979964 |
| 700 | 0 |
_aAmo Rodriguez, Silvia del. _95357 |
|
| 700 | 0 | _aEchenique Manrique, Ramón. | |
| 710 | 0 |
_aInstituto Nacional de Investigaciones sobre Recursos Bióticos. México. _959363 |
|
| 830 | 0 |
_aINIREB Informa. Comunicado _v; 19 _958804 |
|
| 901 | _aBK | ||
| 942 | _cFOLL | ||
| 949 |
_aFolleto 17697 _bBC _cFOLL _d33724002178157 _eTS1 _i110413 _sb |
||
| 999 |
_c98755 _d98755 |
||